[Event "Denizli op"]
[Site "Denizli"]
[Date "2025.07.11"]
[Round "7"]
[White "Yildiz, Egehan"]
[Black "Mahdian, Anousha"]
[Result "1/2-1/2"]
[WhiteElo "2198"]
[BlackElo "2116"]
[PlyCount "77"]
[EventDate "2025.07.07"]
[EventType "swiss"]
[EventRounds "9"]
[EventCountry "TUR"]
[SourceTitle "CB29_2025"]
[SourceDate "2025.07.16"]
[SourceVersion "1"]
[SourceVersionDate "2025.07.16"]
[SourceQuality "1"]

1. Nf3 d5 2. g3 Nc6 3. d4 Bf5 4. Bg2 Nb4 5. Na3 e6 6. c3 Nc6 7. Qb3 Rb8 8. 0-0 Qd7 9. Nb1 Bxb1 10. Rxb1 Be7 11. Nd2 h5 12. e4 Nf6 13. h3 Nxe4 14. Nxe4 dxe4 15. Bxe4 Na5 16. Qd1 Nc4 17. Qf3 Nd6 18. Bd3 Qa4 19. a3 Qb3 20. Re1 Qd5 21. Qd1 h4 22. g4 b5 23. Re5 Qb7 24. Bf4 a6 25. Bf1 0-0 26. Bg2 Qc8 27. Qf3 Qd8 28. Rd1 Nc4 29. Re2 Nb6 30. Qd3 Bd6 31. Bc1 Be7 32. Re5 Bf6 33. Rc5 Nd7 34. Rc6 Ra8 35. Bf4 Ra7 36. a4 Nb8 37. Rc5 Nd7 38. Rc6 Nb8 39. Rc5 1/2-1/2

[Event "Denizli op"]
[Site "Denizli"]
[Date "2025.07.10"]
[Round "5"]
[White "Claverie, Raul Ricardo"]
[Black "Mahdian, Anousha"]
[Result "0-1"]
[WhiteElo "2274"]
[BlackElo "2116"]
[PlyCount "53"]
[EventDate "2025.07.07"]
[EventType "swiss"]
[EventRounds "9"]
[EventCountry "TUR"]
[SourceTitle "CB29_2025"]
[SourceDate "2025.07.16"]
[SourceVersion "1"]
[SourceVersionDate "2025.07.16"]
[SourceQuality "1"]

1. e4 c5 2. Nf3 Nc6 3. Bb5 Nf6 4. Qe2 Qc7 5. 0-0 a6 6. Bxc6 dxc6 7. e5 Nd5 8. d3 Bg4 9. Re1 e6 10. Nbd2 h6 11. Nf1 g5 12. Bd2 Bg7 13. h3 Bxf3 14. Qxf3 Bxe5 15. c4 Nf4 16. g3 Ng6 17. Rab1 Bd4 18. b4 0-0-0 19. Rb3 cxb4 20. Bxb4 h5 21. Bd2 g4 22. hxg4 Ne5 23. Rxe5 hxg4 24. Qxg4 Qxe5 25. Qf3 Rh7 26. Bf4 Qe1 27. Bd2 0-1

[Event "Denizli op"]
[Site "Denizli"]
[Date "2025.07.10"]
[Round "6"]
[White "Mahdian, Anousha"]
[Black "Ipek, Egehan"]
[Result "0-1"]
[WhiteElo "2116"]
[BlackElo "2216"]
[PlyCount "88"]
[EventDate "2025.07.07"]
[EventType "swiss"]
[EventRounds "9"]
[EventCountry "TUR"]
[SourceTitle "CB29_2025"]
[SourceDate "2025.07.16"]
[SourceVersion "1"]
[SourceVersionDate "2025.07.16"]
[SourceQuality "1"]

1. d4 Nf6 2. Nf3 d5 3. e3 g6 4. b3 Bg7 5. Bb2 c5 6. Bb5+ Bd7 7. Be2 Nc6 8. 0-0 cxd4 9. exd4 0-0 10. Ne5 Bf5 11. Nxc6 bxc6 12. Nc3 Nd7 13. Na4 e5 14. dxe5 Nxe5 15. f4 Nd7 16. Bxg7 Kxg7 17. Qd4+ Qf6 18. c3 Rfe8 19. Ba6 Re4 20. Qxf6+ Nxf6 21. Rac1 Rae8 22. a3 Re3 23. Bb7 Rb8 24. Bxc6 Re6 25. Bb7 Rxb7 26. Nc5 Reb6 27. Nxb7 Rxb7 28. b4 Rc7 29. Rfd1 Ne4 30. Rd3 Kf6 31. a4 Ke6 32. Re1 Rc4 33. Ree3 a5 34. Rd4 axb4 35. Rxc4 dxc4 36. cxb4 Kd5 37. a5 Bc8 38. b5 c3 39. Kf1 c2 40. Re1 Nd2+ 41. Ke2 Nb3 42. Kd3 c1Q 43. Rxc1 Nxc1+ 44. Kc3 Kc5 0-1

[Event "Denizli op"]
[Site "Denizli"]
[Date "2025.07.08"]
[Round "2"]
[White "Mahdian, Anousha"]
[Black "Eminov, Orkhan"]
[Result "0-1"]
[WhiteElo "2116"]
[BlackElo "2239"]
[PlyCount "64"]
[EventDate "2025.07.07"]
[EventType "swiss"]
[EventRounds "9"]
[EventCountry "TUR"]
[SourceTitle "CB29_2025"]
[SourceDate "2025.07.16"]
[SourceVersion "1"]
[SourceVersionDate "2025.07.16"]
[SourceQuality "1"]

1. Nf3 Nf6 2. c4 g6 3. b3 Bg7 4. Bb2 0-0 5. g3 c5 6. Bg2 d6 7. 0-0 e5 8. d3 Nc6 9. Nc3 h6 10. a3 Be6 11. Nd2 Qd7 12. Nd5 Rab8 13. b4 b5 14. Nxf6+ Bxf6 15. Ne4 Bg7 16. cxb5 Rxb5 17. Rc1 Rc8 18. Qa4 Rbb8 19. e3 a5 20. b5 Na7 21. Qxa5 Rxb5 22. Qd2 d5 23. Nc3 Rb3 24. Ne2 Qb5 25. Nc3 Qa5 26. Rc2 e4 27. Rfc1 exd3 28. Nxd5 Qxd2 29. Ne7+ Kh7 30. Rxd2 Bxb2 31. Rxb2 Rxb2 32. Nxc8 d2 0-1

[Event "Ankara Baskent Univ op 8th"]
[Site "Ankara"]
[Date "2025.07.03"]
[Round "4"]
[White "Sahin, Taha"]
[Black "Mahdian, Anousha"]
[Result "1/2-1/2"]
[WhiteElo "1992"]
[BlackElo "2116"]
[PlyCount "58"]
[EventDate "2025.07.01"]
[EventType "swiss"]
[EventRounds "9"]
[EventCountry "TUR"]
[SourceTitle "CB28_2025"]
[SourceDate "2025.07.09"]
[SourceVersion "1"]
[SourceVersionDate "2025.07.09"]
[SourceQuality "1"]

1. e4 c5 2. Nf3 Nc6 3. d4 cxd4 4. Nxd4 e5 5. Nb5 d6 6. c4 Be6 7. N1c3 a6 8. Na3 g6 9. Nc2 Bg7 10. Be3 f5 11. exf5 gxf5 12. Qh5+ Kf8 13. 0-0-0 Nf6 14. Qe2 Qc7 15. Na4 Nd7 16. Nc3 Nf6 17. f3 Na5 18. Qf2 Nxc4 19. Bxc4 Qxc4 20. Rxd6 Rc8 21. Rhd1 f4 22. Bb6 Kf7 23. Kb1 Bf5 24. Ka1 Rhe8 25. Na3 Qb4 26. Nc2 Qc4 27. Na3 Qb4 28. Nc2 Bxc2 29. Qxc2 Bf8 1/2-1/2

[Event "Ankara Baskent Univ op 8th"]
[Site "Ankara"]
[Date "2025.07.02"]
[Round "3"]
[White "Mahdian, Anousha"]
[Black "Ozen, Ilhami Goktug"]
[Result "1-0"]
[WhiteElo "2116"]
[BlackElo "1911"]
[PlyCount "63"]
[EventDate "2025.07.01"]
[EventType "swiss"]
[EventRounds "9"]
[EventCountry "TUR"]
[SourceTitle "CB28_2025"]
[SourceDate "2025.07.09"]
[SourceVersion "1"]
[SourceVersionDate "2025.07.09"]
[SourceQuality "1"]

1. Nf3 c5 2. c4 Nc6 3. g3 e5 4. d3 g6 5. Bg2 Bg7 6. 0-0 Nge7 7. Nc3 0-0 8. a3 d6 9. Rb1 a5 10. Nd2 Be6 11. Nd5 Ra6 12. e3 Qd7 13. h4 h6 14. Kh2 Kh7 15. b3 f5 16. Bb2 Ng8 17. Bc3 Nf6 18. b4 axb4 19. axb4 cxb4 20. Nxb4 Nxb4 21. Rxb4 d5 22. Kg1 Ng4 23. Qb3 dxc4 24. dxc4 Ra7 25. Rxb7 Rxb7 26. Qxb7 Qd3 27. Bb4 Rf7 28. Qa6 Bd7 29. Bd5 Rf6 30. Qb7 Be6 31. Bxe6 Rxe6 32. Bf8 1-0

[Event "Cesme op-A 11th"]
[Site "Izmir"]
[Date "2025.06.24"]
[Round "3"]
[White "Mahdian, Anousha"]
[Black "Gokerkan, Cem Kaan"]
[Result "1-0"]
[WhiteElo "2116"]
[BlackElo "2489"]
[PlyCount "81"]
[EventDate "2025.06.23"]
[EventType "swiss"]
[EventRounds "9"]
[EventCountry "TUR"]
[SourceTitle "CB27_2025"]
[SourceDate "2025.07.02"]
[SourceVersion "1"]
[SourceVersionDate "2025.07.02"]
[SourceQuality "1"]

1. d4 Nf6 2. Nf3 g6 3. Bg5 Bg7 4. Nbd2 d5 5. e3 Nbd7 6. Be2 h6 7. Bh4 g5 8. Bg3 Nh5 9. Be5 Nhf6 10. Bg3 c5 11. c3 Qb6 12. Qb3 cxd4 13. exd4 Qxb3 14. axb3 Nh5 15. Bc7 f5 16. Nh4 Ndf6 17. Ng6 Rg8 18. Nf3 Bd7 19. Bb6 a6 20. b4 Rc8 21. Nfe5 Bf8 22. Nxd7 Kxd7 23. Ne5+ Ke6 24. g3 Ng7 25. b5 axb5 26. Bxb5 Nge8 27. c4 Nc7 28. Bxc7 Rxc7 29. 0-0 g4 30. Rfc1 Rg5 31. cxd5+ Nxd5 32. Bc4 Rxc4 33. Rxc4 Bg7 34. Re1 Kf6 35. Rc5 e6 36. Rc8 Rh5 37. Rb8 b6 38. Rb7 Bh8 39. Rf7+ Kg5 40. f4+ gxf3 41. h4+ 1-0

[Event "Erbil zt 3.1 (Women)"]
[Site "Erbil"]
[Date "2025.04.08"]
[Round "1"]
[White "Mahdian, Anousha"]
[Black "Lania, Salah Abdullah"]
[Result "1-0"]
[WhiteElo "2099"]
[BlackElo "1608"]
[PlyCount "70"]
[EventDate "2025.04.08"]
[EventType "swiss"]
[EventRounds "9"]
[EventCountry "IRQ"]
[SourceTitle "CB16_2025"]
[SourceDate "2025.04.16"]
[SourceVersion "1"]
[SourceVersionDate "2025.04.16"]
[SourceQuality "1"]

1. Nf3 Nf6 2. c4 e6 3. e3 d5 4. b3 b6 5. Bb2 Bb7 6. Be2 Be7 7. Nc3 0-0 8. cxd5 exd5 9. 0-0 Ne4 10. Qc2 Bf6 11. Rfd1 Nd7 12. d4 a6 13. Rac1 Rc8 14. Bd3 Re8 15. Qe2 Nxc3 16. Bxc3 a5 17. Bf5 Rb8 18. Qc2 g6 19. Bh3 c6 20. Bb2 Bg7 21. g3 f5 22. Bg2 Rc8 23. Ne1 Qe7 24. Nd3 Ba6 25. a3 Qd6 26. b4 Bxd3 27. Rxd3 axb4 28. axb4 Qxb4 29. Rc3 Re6 30. Bxd5 Nf8 31. Ba3 Qa5 32. Bxe6+ Nxe6 33. Qb3 Kf7 34. Rxc6 Rxc6 35. Rxc6 Qa7 1-0

[Event "Titled Tuesday intern op 24th Sep Early"]
[Site "Chess.com INT"]
[Date "2024.09.24"]
[Round "3"]
[White "Caku, Kler"]
[Black "Mahdian, Anousha"]
[Result "1-0"]
[WhiteElo "1859"]
[BlackElo "2088"]
[PlyCount "69"]
[EventDate "2024.09.24"]
[EventType "swiss (blitz)"]
[EventRounds "11"]
[EventCountry "USA"]
[SourceTitle "EXT 2025"]
[Source "ChessBase"]
[SourceDate "2024.10.14"]
[SourceVersion "1"]
[SourceVersionDate "2024.10.14"]
[SourceQuality "1"]

1. e4 c6 2. d4 d5 3. exd5 cxd5 4. Bd3 Nc6 5. c3 Qc7 6. Ne2 Nf6 7. 0-0 Bg4 8. f3 Bh5 9. Bf4 Qd7 10. Ng3 Bg6 11. Na3 a6 12. Nc2 e6 13. Ne3 Bd6 14. Bxd6 Qxd6 15. Qe2 0-0 16. Rae1 b5 17. a3 Rab8 18. f4 Bxd3 19. Qxd3 Na5 20. f5 Nc4 21. Re2 a5 22. h3 Qxg3 23. Rf3 Qd6 24. g4 Ne4 25. f6 gxf6 26. Ng2 b4 27. axb4 axb4 28. Nf4 bxc3 29. bxc3 Nb2 30. Qc2 Rfc8 31. Nh5 f5 32. gxf5 exf5 33. Rxe4 dxe4 34. Qg2+ Kh8 35. Qg7# 1-0

[Event "Titled Tuesday intern op 24th Sep Early"]
[Site "Chess.com INT"]
[Date "2024.09.24"]
[Round "5"]
[White "Mahdian, Anousha"]
[Black "Braun, Christian1"]
[Result "1-0"]
[WhiteElo "2088"]
[BlackElo "2400"]
[PlyCount "63"]
[EventDate "2024.09.24"]
[EventType "swiss (blitz)"]
[EventRounds "11"]
[EventCountry "USA"]
[SourceTitle "EXT 2025"]
[Source "ChessBase"]
[SourceDate "2024.10.14"]
[SourceVersion "1"]
[SourceVersionDate "2024.10.14"]
[SourceQuality "1"]

1. d4 d5 2. c4 e6 3. Nc3 Nf6 4. Nf3 Be7 5. Bf4 0-0 6. e3 b6 7. cxd5 exd5 8. Bd3 Bb7 9. Ne5 c5 10. Qf3 Nc6 11. Qh3 Nb4 12. Bb1 Re8 13. g4 cxd4 14. exd4 Bd6 15. g5 Ne4 16. f3 Bxe5 17. dxe5 f6 18. gxf6 Nxf6 19. Kf2 Ne4+ 20. fxe4 dxe4 21. Nxe4 Rf8 22. Nf6+ Rxf6 23. Qxh7+ Kf7 24. exf6 Qd4+ 25. Be3 Qxf6+ 26. Qf5 Qxf5+ 27. Bxf5 Bxh1 28. Rxh1 Rc8 29. Rc1 Rxc1 30. Bxc1 Nxa2 31. Bd2 a5 32. Bd3 1-0

[Event "Titled Tuesday intern op 24th Sep Early"]
[Site "Chess.com INT"]
[Date "2024.09.24"]
[Round "7"]
[White "Zahmati, Sobhan"]
[Black "Mahdian, Anousha"]
[Result "0-1"]
[WhiteElo "2114"]
[BlackElo "2088"]
[PlyCount "58"]
[EventDate "2024.09.24"]
[EventType "swiss (blitz)"]
[EventRounds "11"]
[EventCountry "USA"]
[SourceTitle "EXT 2025"]
[Source "ChessBase"]
[SourceDate "2024.10.14"]
[SourceVersion "1"]
[SourceVersionDate "2024.10.14"]
[SourceQuality "1"]

1. e4 c6 2. d4 d5 3. e5 Bf5 4. Nc3 e6 5. g4 Bg6 6. Nge2 c5 7. h4 h5 8. Nf4 Bh7 9. Nxh5 Nc6 10. dxc5 Bxc5 11. Bg5 Qb6 12. Nxg7+ Kf8 13. Nxe6+ fxe6 14. Qf3+ Ke8 15. 0-0-0 Bd4 16. Bb5 a6 17. Rxd4 Qxd4 18. Bf6 axb5 19. Bxh8 Qc5 20. g5 Nge7 21. h5 Bf5 22. h6 b4 23. h7 bxc3 24. b3 Rxa2 25. Kd1 Qd4+ 26. Ke2 Rxc2+ 27. Kf1 Rc1+ 28. Kg2 Rxh1 29. Kxh1 Be4 0-1

[Event "Cubuk op 9th"]
[Site "Cubuk"]
[Date "2024.08.09"]
[Round "4"]
[White "Mahdian, Anousha"]
[Black "Genc, Arda"]
[Result "1-0"]
[WhiteElo "2085"]
[BlackElo "1908"]
[PlyCount "91"]
[EventDate "2024.08.07"]
[EventType "swiss"]
[EventRounds "7"]
[EventCountry "TUR"]
[SourceTitle "EXT 2025"]
[Source "ChessBase"]
[SourceDate "2024.10.14"]
[SourceVersion "1"]
[SourceVersionDate "2024.10.14"]
[SourceQuality "1"]

1. Nf3 Nf6 2. c4 e6 3. e3 d5 4. b3 c5 5. Bb2 Nc6 6. cxd5 exd5 7. Be2 Bd6 8. 0-0 0-0 9. d4 Bg4 10. dxc5 Bxc5 11. Nc3 Rc8 12. Rc1 Bd6 13. Nd4 Bxe2 14. Ncxe2 Qd7 15. Ng3 Bxg3 16. hxg3 Rfd8 17. Nxc6 bxc6 18. Bxf6 gxf6 19. Qh5 c5 20. Rfd1 Qe6 21. Rc3 Qe5 22. Qxe5 fxe5 23. Rdc1 c4 24. bxc4 Rxc4 25. Rxc4 dxc4 26. Kf1 Rd2 27. a4 Ra2 28. Rxc4 Kg7 29. g4 Kg6 30. Kg1 h6 31. Rc6+ Kg5 32. Ra6 Kxg4 33. Rxh6 Rxa4 34. Rf6 Kg5 35. Rxf7 Kg6 36. Rf8 Kg7 37. Rf5 Re4 38. f3 Rxe3 39. Kf2 Ra3 40. Rxe5 Kf6 41. Re8 Kf7 42. Re4 Kf6 43. g4 a5 44. Kg3 Kg5 45. Re6 Ra4 46. f4+ 1-0

[Event "TUR-chT 2nd League"]
[Site "Denizli"]
[Date "2024.07.19"]
[Round "6.9"]
[White "Karadas, Hena"]
[Black "Mahdian, Anousha"]
[Result "0-1"]
[WhiteElo "1817"]
[BlackElo "2069"]
[PlyCount "69"]
[EventDate "2024.07.15"]
[EventType "team-swiss"]
[EventRounds "9"]
[EventCountry "TUR"]
[SourceTitle "EXT 2025"]
[Source "ChessBase"]
[SourceDate "2024.10.14"]
[SourceVersion "1"]
[SourceVersionDate "2024.10.14"]
[SourceQuality "1"]
[WhiteTeam "Cigli Batubey"]
[BlackTeam "Denizli Ihtisas"]
[WhiteTeamCountry "TUR"]
[BlackTeamCountry "TUR"]

1. e4 c5 2. Nf3 Nc6 3. Bb5 e5 4. 0-0 Bd6 5. c3 a6 6. Ba4 b5 7. Bc2 Nge7 8. d3 Bb7 9. Be3 Qc7 10. h3 f5 11. d4 cxd4 12. cxd4 f4 13. dxe5 Nxe5 14. Nxe5 Bxe5 15. Bc1 f3 16. gxf3 0-0 17. a4 b4 18. Nd2 Kh8 19. Bd3 d5 20. exd5 Bxd5 21. Ne4 Qc6 22. Bg5 Ng6 23. Re1 Qe6 24. Bf1 h6 25. h4 Bxe4 26. Rxe4 hxg5 27. hxg5 Nf4 28. Qe1 Rf5 29. Rxf4 Rxf4 30. Bg2 Re8 31. Qd2 Rd4 32. Qe3 Qf5 33. Re1 Bh2+ 34. Kxh2 Rxe3 35. fxe3 0-1

[Event "TUR-chT 2nd League"]
[Site "Denizli"]
[Date "2024.07.18"]
[Round "5.11"]
[White "Mahdian, Anousha"]
[Black "Babiy, Olga"]
[Result "0-1"]
[WhiteElo "2069"]
[BlackElo "2332"]
[PlyCount "40"]
[EventDate "2024.07.15"]
[EventType "team-swiss"]
[EventRounds "9"]
[EventCountry "TUR"]
[SourceTitle "EXT 2025"]
[Source "ChessBase"]
[SourceDate "2024.10.14"]
[SourceVersion "1"]
[SourceVersionDate "2024.10.14"]
[SourceQuality "1"]
[WhiteTeam "Denizli Ihtisas"]
[BlackTeam "Afyonkarahisar Basari"]
[WhiteTeamCountry "TUR"]
[BlackTeamCountry "TUR"]

1. c4 e5 2. Nc3 d6 3. e3 g6 4. d4 exd4 5. exd4 Bg7 6. Nf3 Ne7 7. d5 0-0 8. Bf4 Bg4 9. Be2 Nf5 10. Qd2 Bxf3 11. Bxf3 Re8+ 12. Kf1 h5 13. h3 c5 14. g4 Nd4 15. Bg2 Nd7 16. gxh5 Ne5 17. Bxe5 Rxe5 18. hxg6 Qh4 19. Qd3 Rf8 20. Rh2 Rg5 0-1

[Event "Swiss Queens Wed #22"]
[Site "FIDE Online Arena INT"]
[Date "2024.06.26"]
[Round "6"]
[White "Chitlange, Sakshi"]
[Black "Mahdian, Anousha"]
[Result "1-0"]
[WhiteElo "2173"]
[BlackElo "2069"]
[PlyCount "97"]
[EventDate "2024.06.26"]
[EventType "swiss (blitz)"]
[EventRounds "11"]
[EventCountry "NET"]
[SourceTitle "CBM 220 Extra"]
[Source "ChessBase"]
[SourceDate "2024.07.31"]
[SourceVersion "1"]
[SourceVersionDate "2024.07.31"]
[SourceQuality "1"]

1. d4 d5 2. c4 c6 3. Nf3 Nf6 4. Nc3 e6 5. e3 a6 6. c5 b6 7. cxb6 Nbd7 8. Bd3 Qxb6 9. 0-0 c5 10. b3 cxd4 11. exd4 Bd6 12. Na4 Qa7 13. Bd2 Bb7 14. Rc1 0-0 15. Ba5 Rfc8 16. Qe2 h6 17. b4 Bf4 18. Rxc8+ Rxc8 19. Nc5 Nxc5 20. bxc5 Nd7 21. Rb1 Bc6 22. Bb6 Nxb6 23. cxb6 Qe7 24. Bxa6 Bb7 25. g3 Bd6 26. Bxb7 Qxb7 27. a4 Rc4 28. a5 Bb4 29. Qa2 Qa6 30. Qa4 Kh7 31. Qxb4 Rxb4 32. Rxb4 Qd3 33. b7 Qxf3 34. b8Q Qd1+ 35. Kg2 Qe1 36. Rb3 Qe4+ 37. Rf3 Qxd4 38. a6 Qe4 39. a7 g5 40. Qe5 Qxe5 41. a8Q Qe4 42. h3 h5 43. Qf8 f5 44. Qf7+ Kh6 45. Qf6+ Kh7 46. Qxg5 d4 47. Qxh5+ Kg7 48. Qg5+ Kf7 49. Qf4 1-0

[Event "Swiss Queens Wed #22"]
[Site "FIDE Online Arena INT"]
[Date "2024.06.26"]
[Round "1"]
[White "Kurmangaliyeva, Liya"]
[Black "Mahdian, Anousha"]
[Result "1-0"]
[WhiteElo "2282"]
[BlackElo "2069"]
[PlyCount "51"]
[EventDate "2024.06.26"]
[EventType "swiss (blitz)"]
[EventRounds "11"]
[EventCountry "NET"]
[SourceTitle "CBM 220 Extra"]
[Source "ChessBase"]
[SourceDate "2024.07.31"]
[SourceVersion "1"]
[SourceVersionDate "2024.07.31"]
[SourceQuality "1"]

1. e4 c6 2. d4 d5 3. Nc3 dxe4 4. Nxe4 Nf6 5. Nxf6+ exf6 6. c3 Bd6 7. Bd3 0-0 8. Qc2 Re8+ 9. Ne2 h5 10. 0-0 h4 11. Nf4 Nd7 12. Qd1 Nf8 13. Qh5 g6 14. Qh6 f5 15. Nh3 Ne6 16. Ng5 Nxg5 17. Bxg5 Be7 18. Rfe1 Be6 19. Rxe6 fxe6 20. Qxg6+ Kh8 21. Qh6+ Kg8 22. Qxe6+ Kh8 23. Qh6+ Kg8 24. Qg6+ Kh8 25. Bxf5 Bxg5 26. Qh7# 1-0

[Event "Swiss Queens Wed #22"]
[Site "FIDE Online Arena INT"]
[Date "2024.06.26"]
[Round "5"]
[White "Mahdian, Anousha"]
[Black "Mikhaylova, Irina"]
[Result "1-0"]
[WhiteElo "2069"]
[BlackElo "2156"]
[PlyCount "67"]
[EventDate "2024.06.26"]
[EventType "swiss (blitz)"]
[EventRounds "11"]
[EventCountry "NET"]
[SourceTitle "CBM 220 Extra"]
[Source "ChessBase"]
[SourceDate "2024.07.31"]
[SourceVersion "1"]
[SourceVersionDate "2024.07.31"]
[SourceQuality "1"]

1. d4 Nf6 2. c4 g6 3. Nc3 d5 4. cxd5 Nxd5 5. Bd2 Bg7 6. e4 Nxc3 7. Bxc3 c6 8. h4 h5 9. Be2 Nd7 10. f3 e5 11. Qd2 Qb6 12. d5 cxd5 13. exd5 Nc5 14. Nh3 Bxh3 15. Rxh3 Qd6 16. Bb5+ Kf8 17. Bb4 Rd8 18. Kf1 Bf6 19. Rc1 b6 20. Bc6 Kg7 21. Qf2 Nd3 22. Bxd6 Nxf2 23. Bf8+ Rhxf8 24. Kxf2 Rd6 25. b4 Be7 26. g4 hxg4 27. fxg4 f5 28. gxf5 Rxf5+ 29. Ke2 Rf4 30. b5 Rxh4 31. Rxh4 Bxh4 32. Rg1 g5 33. Rg4 Kf6 34. Ra4 1-0

[Event "Swiss Queens Wed #16"]
[Site "FIDE Online Arena INT"]
[Date "2024.05.15"]
[Round "4"]
[White "Mahdian, Anousha"]
[Black "Pujari, Rucha"]
[Result "1-0"]
[WhiteElo "2069"]
[BlackElo "2173"]
[PlyCount "63"]
[EventDate "2024.05.15"]
[EventType "swiss (blitz)"]
[EventRounds "11"]
[EventCountry "NET"]
[SourceTitle "CBM 220 Extra"]
[Source "ChessBase"]
[SourceDate "2024.07.31"]
[SourceVersion "1"]
[SourceVersionDate "2024.07.31"]
[SourceQuality "1"]

1. d4 d5 2. c4 e6 3. Nc3 Nf6 4. Nf3 Be7 5. Bf4 0-0 6. e3 b6 7. cxd5 Nxd5 8. Nxd5 Qxd5 9. Bxc7 Bb4+ 10. Nd2 Ba6 11. Bxb8 Bxf1 12. Kxf1 Raxb8 13. a3 Bd6 14. Kg1 Rbc8 15. h4 Rfd8 16. h5 h6 17. Rh4 e5 18. Nf3 Qb5 19. b4 Be7 20. Re4 exd4 21. Rxe7 dxe3 22. Qe1 exf2+ 23. Qxf2 Qxh5 24. Rae1 Qg6 25. Ne5 Qh5 26. Rxa7 Re8 27. Nf3 Rxe1+ 28. Qxe1 Kh7 29. Qe4+ g6 30. Rxf7+ Kg8 31. Qe6 Rc1+ 32. Kf2 1-0

[Event "Swiss Queens Wed #16"]
[Site "FIDE Online Arena INT"]
[Date "2024.05.15"]
[Round "5"]
[White "Poliakova, Varvara"]
[Black "Mahdian, Anousha"]
[Result "1-0"]
[WhiteElo "1987"]
[BlackElo "2069"]
[PlyCount "115"]
[EventDate "2024.05.15"]
[EventType "swiss (blitz)"]
[EventRounds "11"]
[EventCountry "NET"]
[SourceTitle "CBM 220 Extra"]
[Source "ChessBase"]
[SourceDate "2024.07.31"]
[SourceVersion "1"]
[SourceVersionDate "2024.07.31"]
[SourceQuality "1"]

1. e4 c6 2. d4 d5 3. Nd2 dxe4 4. Nxe4 Nf6 5. Nxf6+ exf6 6. c3 Bd6 7. Bd3 0-0 8. Qc2 Re8+ 9. Ne2 h5 10. 0-0 h4 11. h3 Nd7 12. Bd2 Nf8 13. Rae1 g6 14. c4 Kg7 15. f4 Nh7 16. d5 cxd5 17. c5 Bc7 18. Nd4 Bd7 19. b4 Rxe1 20. Rxe1 Qf8 21. Qb2 Re8 22. Rf1 b6 23. c6 Bc8 24. b5 Bd6 25. Nf3 Kg8 26. Nxh4 Qh6 27. g3 Bxh3 28. Ng2 Bc5+ 29. Be3 Rxe3 30. Nxe3 Bxe3+ 31. Rf2 Qh5 32. Qc2 Bxf2+ 33. Kxf2 Be6 34. Bf1 d4 35. c7 Qc5 36. Qxc5 bxc5 37. Bc4 Bc8 38. Bd5 Nf8 39. a4 Ne6 40. Bxe6 fxe6 41. a5 Kf7 42. a6 Ke7 43. b6 axb6 44. a7 Kd7 45. a8Q Kxc7 46. Qe4 f5 47. Qe5+ Kc6 48. Qf6 b5 49. Qxg6 c4 50. Qe8+ Bd7 51. Qa8+ Kd6 52. Qa7 d3 53. Qd4+ Ke7 54. Ke3 Bc6 55. Kd2 Bd5 56. Kc3 Kd6 57. Qb6+ Ke7 58. Qxb5 1-0

[Event "Titled Tuesday intern op 05th Mar Early"]
[Site "Chess.com INT"]
[Date "2024.03.05"]
[Round "6"]
[White "Mahdian, Anousha"]
[Black "Rose, Felix"]
[Result "1-0"]
[WhiteElo "2069"]
[BlackElo "2091"]
[PlyCount "47"]
[EventDate "2024.03.05"]
[EventType "swiss (blitz)"]
[EventRounds "11"]
[EventCountry "USA"]
[SourceTitle "EXT 2025"]
[Source "ChessBase"]
[SourceDate "2024.10.14"]
[SourceVersion "1"]
[SourceVersionDate "2024.10.14"]
[SourceQuality "1"]

1. d4 d5 2. c4 e6 3. Nc3 Nf6 4. Nf3 Be7 5. Bf4 0-0 6. e3 b6 7. cxd5 Nxd5 8. Nxd5 Qxd5 9. Bxc7 Bb4+ 10. Nd2 Nc6 11. Be2 Bxd2+ 12. Qxd2 Qxg2 13. 0-0-0 Bb7 14. Rhg1 Qxf2 15. Rdf1 Qh4 16. Bf4 Rac8 17. Kb1 e5 18. Rg4 Qh3 19. Rg3 Qf5+ 20. Bd3 Qh5 21. Qg2 g6 22. Bg5 Nb4 23. Qxb7 Nxd3 24. Qg2 1-0

[Event "Swiss Queens Wed #5"]
[Site "FIDE Online Arena INT"]
[Date "2024.02.28"]
[Round "7"]
[White "Mahdian, Anousha"]
[Black "Buksa, Nataliya"]
[Result "1/2-1/2"]
[WhiteElo "2069"]
[BlackElo "2388"]
[PlyCount "118"]
[EventDate "2024.02.28"]
[EventType "swiss (blitz)"]
[EventRounds "11"]
[EventCountry "NET"]
[SourceTitle "CBM 219 Extra"]
[Source "ChessBase"]
[SourceDate "2024.05.31"]
[SourceVersion "1"]
[SourceVersionDate "2024.05.31"]
[SourceQuality "1"]

1. d4 d5 2. c4 e6 3. Nc3 Nf6 4. Nf3 Nbd7 5. Bf4 dxc4 6. e3 b5 7. Nxb5 Bb4+ 8. Nd2 Nd5 9. a3 Bxd2+ 10. Qxd2 Nxf4 11. exf4 Nb6 12. Be2 Bb7 13. Rg1 0-0 14. g4 Qd7 15. Nc3 Rad8 16. 0-0-0 Qe7 17. f5 c5 18. Qe3 cxd4 19. Rxd4 Rxd4 20. Qxd4 e5 21. Qe3 Rd8 22. f4 e4 23. g5 Qd6 24. f6 g6 25. Rd1 Qc7 26. Rxd8+ Qxd8 27. Nxe4 Nd5 28. Qd4 Qc7 29. Qe5 Qxe5 30. fxe5 Nf4 31. Bf3 Nd3+ 32. Kd2 Nxe5 33. Ke3 h6 34. gxh6 Nd7 35. h7+ Kh8 36. Ng5 Bxf3 37. Kxf3 Nxf6 38. Nxf7+ Kxh7 39. Ne5 g5 40. Nxc4 Kg6 41. Nd6 Kh5 42. b4 g4+ 43. Kf4 Kh4 44. Nc8 a6 45. Ne7 Kh3 46. Kg5 Kxh2 47. Nf5 Nd5 48. Kxg4 Kg2 49. Nd6 Kf2 50. Kf5 Ke3 51. Ke5 Nc3 52. Nc4+ Kd3 53. Nb6 Kc2 54. Kd4 Kb3 55. Nd7 Nb5+ 56. Kc5 Nxa3 57. Kb6 Kxb4 58. Kxa6 Nc4 59. Nb6 Nxb6 1/2-1/2